Представление документа в формате MARC21

Поле Инд. ПП Название Значение
Тип записи a
Библиографический уровень b
001 Контрольный номер RU/IS/BASE/262113124
005 Дата корректировки 20220914151222.5
084 a Индекс другой классификации/Индекс ББК 65.268(2Рос)-18в6; 65.30(2Рос)
100 1_ a Автор Конторович В. К.
245 10 a Заглавие Взаимосвязь реального курса рубля и динамики промышленного производства в России
504 a Библиография Лит.: 12 назв. - Примеч. - Прил.: с. 372-374
520 0_ a Аннотация "Предпринята попытка оценить взаимосвязь реального курса рубля и динамики промышленного производства с 1992 по 2000. С помощью набора эконометрических моделей получены оценки эластичности индекса промышленного производства по реальному курсу рубля для характерных интервалов указанного периода."
650 04 a Основная рубрика международные финансовые отношения
a Основная рубрика финансы
a Основная рубрика экономика
a Основная рубрика экономика промышленности
653 0_ a Ключевые слова валютная политика
a Ключевые слова валютный курс
a Ключевые слова курс рубля
a Ключевые слова модели регрессионные
a Ключевые слова промышленное производство
a Ключевые слова Россия
a Ключевые слова эконометрические модели
a Ключевые слова экономическая политика
a Ключевые слова экономический рост
773 18 t Заглавие источника Экономический журнал ВШЭ
d Дата издания источника 2001
g Прочая информация Т. 5, № 3. - С. 363 - 371 : 3 граф., 3 схем.
w Контрольный № источника RU/IS/BASE/140885994
901 t Тип документа b